00486nam a2200169 a 4500001001300000003000900013005001700022008004100039020002300080082001300103100002000116245006100136260004100197300000900238500003500247505003400282nice12345678IN_TiNIC20260116013914.0050524s1995 newa grp 000 0 eng  a8170366 c14500a150bDAV aDavar, Bhargavi aPsychoanalysis as a Human Science Beyond Foundationalism aNew Delhi bSage Publications c1995 a210p aincludes index and biblioraphy2 aAppendix, Bibliography, Index